000 00922nam a2200289Ia 4500
001 752
005 20260225145952.0
008 121119s2002 sp gr 000 f spa
020 _a8420634093
020 _a9788420634098
040 _aCO-BoRNBP
_bspa
_erda
_cCO-BoRNBP
041 1 _aspa
084 _aN SAL3
100 1 _aSalinger, Jerome David,
_d1919-
_969225
245 1 3 _aEl guardian entre el centeno
_cJ. D. Salinger ; traducción, Carmen Criado
250 _aSexta reimpresión
264 1 _aMadrid
_bAlianza
_c2002
300 _a228 páginas
_c18 cm.
336 _atexto
_btxt
_2rdacontent
337 _asin mediación
_bn
_2rdamedia
338 _avolumen
_bnc
_2rdacarrier
490 0 _aEl libro de bolsillo : literatura
650 1 4 _2LEMB
_aNovela estadounidense
_ySiglo XX
_92115
650 1 4 _2LEMB
_aLiteratura estadounidense
_ySiglo XX
_91048
700 1 _aCriado, Carmen
_dtraductor
_969226
942 _2loc
_cBKLIT
999 _c752
_d752